00557nam a2200181 a 45000010010000000030011000100080041000210350026000620820014000881000023001022450043001252600052001686500018002209420012002389520090002509980020003409990015003600000-8886ELIB.Books110520 1980  a(ELIB.Books)0000-9034 a226 bCha aChantry, Walter J. aToday's Gospel Authentic or Synthetic? bHazell Watson: The Banner of Truth Trust c1980 aNew Testament 2ddccBK 00102ddc4070aKBTSbKBTSd2011-05-20l0p2094r2022-01-22 00:00:00w2022-01-22yBK cbate2011-05-20 c8886d8886